| 000 | 00529nam a22001817a 4500 | ||
|---|---|---|---|
| 008 | 220408b |||||||| |||| 00| 0 eng d | ||
| 082 | _aCD 19828 | ||
| 100 | _aSingh, Dipendra | ||
| 245 | _aUse of ICT in English language teaching at master level | ||
| 260 |
_aKathmandu: _c2019. |
||
| 504 | _aDissertation (Degree in English education), TU | ||
| 650 | _aEnglish language | ||
| 650 | _aLanguage teaching | ||
| 650 | _aTeaching methods | ||
| 650 | _aTeaching materials | ||
| 650 | _aEnglish education | ||
| 942 |
_2ddc _cVM |
||
| 999 |
_c104256 _d104244 |
||